Music Quiz

Random Music Quiz
Score 0/8 Timer 03:00
0 Plays Today
% Correct
LFO
82.2%
Backstreet Boys
66.3%
O-Town
62.4%
98 Degrees
58.4%
Jonas Brothers
57.4%
NSYNC
49.5%
Hanson
49.5%
NKOTB
44.6%
Remove Ads.
Support Sporcle.
Get the best of Sporcle when you Go Orange. This ad-free experience offers more features, more stats, and more fun while also helping to support Sporcle. Thank you for becoming a member.

You're not logged in!

Compare scores with friends on all Sporcle quizzes.
OR
Log In

Show Comments

Extras

Created Dec 14, 2018ReportNominate
Tags:Boy, diagram, Venn diagram

Top Quizzes Today


Score Distribution

Your Account Isn't Verified!

In order to create a playlist on Sporcle, you need to verify the email address you used during registration. Go to your Sporcle Settings to finish the process.

Report this User

Report this user for behavior that violates our Community Guidelines.

Details: